00480nam a2200157Ia 4500008004100000040001900041041001200060082002200072245008900094260003000183300002700213650001800240651002700258700002700285850001000312131103s9999 xx 000 0 und d aLoreto College aEnglish a822.3/JONb#NAME? aBen Jonsoncedited with introduction and notes by Brinsley Nicholson and C.H.Herford aLondonbErnest Bennc1952 alxxii,421 p. c 19 cm. aEnglish Drama aJonson,Ben - Criticism aNicholson,Brinsley,ed. aLCLIB